Music Trivia: Achievements and Awards - Statistics

General Stats
  • This quiz has been taken 89 times
    78 since last reset
  • The average score is 4 of 15
Answer Stats
music achievement artist, band, country or album title % Correct
Best selling album of all time, Artist or Album title Michael Jackson's Thriller
85%
Only musician with a Nobel Prize in literature for his song lyrics Bob Dylan
47%
Who has the most consecutive Billboard #1 singles? (seven, back in the "80s) Whitney Houston
47%
Who has won the most Grammy awards in the Reggae category? Ziggy Marley
44%
Best Selling rock album of all time (artist or album title) AC/DC's Back in Black
29%
What country has won more Eurovision Song Contests than any other? Ireland
29%
Songwriter with the most #1 songs according to Billboard Paul McCartney
25%
Billboard's best selling soundtrack album of all time The Bodyguard
25%
Band with the most Grammy awards U2
25%
The first Album of the Year Grammy for a hispanic artist (artist or album title) Santana's Supernatural
24%
Producer with the most Billboard #1 songs (hint; he produced many of the #1 hits for the #1 hit songwriter of #1 hits from a previous question) George Martin
18%
Female artist with the most Grammy awards as of 2020 (27). Hint: she is a country/bluegrass singer/fiddler Alison Krauss
17%
Who had the best selling album by a single female artist (the artist's name or album title) Shania Twain's Come On Over
10%
Only band to have four #1 albums in a single year (1967) The Monkees
7%
The oldest artist (62 years old) with a Billboard #1 song (name the artist or the song) Louis Armstrong What a Wonderful World
3%
No matching quizzes found
Score Distribution
Percent of People with Each Score
Percentile by Number Answered
Your Score History
You have not taken this quiz since the last reset